Guía Turística Turistel 2001, Chile: Centro. Papudo a Parral
Uloženo v:
| Korporativní autor: | |
|---|---|
| Médium: | Kniha |
| Jazyk: | španělština |
| Vydáno: |
Santiago
Turismo y Comunicaciones
2000
|
| Vydání: | 15a. ed |
| Edice: | Guías Turiscom
|
| Témata: | |
| Tagy: |
Přidat tag
Žádné tagy, Buďte první, kdo vytvoří štítek k tomuto záznamu!
|
MARC
| LEADER | 00000nam a2200000 a 4500 | ||
|---|---|---|---|
| 001 | UCN8570 | ||
| 003 | CL-VaPUC | ||
| 008 | 011116e20000000CL |||||||||||||||||spa|d | ||
| 082 | 0 | 4 | |a 918.304 |b TEL |2 21 |
| 110 | 2 | |a Telefónica CTC Chile |e author |9 464858 | |
| 245 | 1 | 0 | |a Guía Turística Turistel 2001, Chile: Centro. Papudo a Parral |
| 250 | |a 15a. ed | ||
| 300 | |a 311 p | ||
| 942 | |c BK | ||
| 945 | |d 20011116 00:00:00 |a cmena | ||
| 260 | |a Santiago |b Turismo y Comunicaciones |c 2000 | ||
| 500 | |a Complementario con Turistel Camping, Rutero, Norte y Sur. Además incluye un Indice de tareas escolares, enseñanza básica y una Guía práctica de turismo aventura | ||
| 650 | 7 | |a TURISMO CHILENO |2 CL-VaPUC |9 464859 | |
| 650 | 7 | |a GUIAS TURISTICAS |2 CL-VaPUC |9 346990 | |
| 650 | 0 | |a Atractivos turísticos |9 464852 | |
| 651 | 7 | |a CHILE |2 CL-VaPUC |9 464861 | |
| 583 | |a last modification |c 20011116 00:00:00 |k Rodrigo Vera | ||
| 490 | 0 | |a Guías Turiscom | |
| 999 | |c 298406 |d 298404 | ||
| 952 | |0 0 |1 0 |4 0 |6 918_304000000000000_TEL_2000 |7 0 |8 P |9 353953 |a BIBARQ |b BIBARQ |d 2019-11-21 |i 3773728 |o 918.304 TEL 2000 |p 3773728 |r 2025-01-20 |w 2019-11-21 |y BK |k ARQ | ||